Ricostruisci la Carriera del Calciatore - Toby Alderweireld - Statistics

Statistiche generali
  • Questo quiz è stato fatto 4 volte
  • Il punteggio medio è 3 su 6
Statistiche sulle risposte
Hint Risposta % Corretto
2015-2021 Tottenham
100%
2008-2013 Ajax
67%
2014-2015 Southampton
67%
2022- Anversa
33%
2021-2022 Al-Duhail
0%
2013-2014 Atlético Madrid
0%
Nessun quiz corrispondente trovato
Distribuzione punteggi
Percentuale di utenti per punteggio
Percentile per numero di risposta
I tuoi punteggi nel tempo
Non hai fatto questo quiz